El comportamiento de los proyectos de desarrollo / (Registro nro. 12549)

Detalles MARC
000 -LEADER
fixed length control field 01471nam a2200253Ia 4500
003 - CONTROL NUMBER IDENTIFIER
control field OSt
005 - DATE AND TIME OF LATEST TRANSACTION
control field 20210927162053.0
008 - FIXED-LENGTH DATA ELEMENTS--GENERAL INFORMATION
fixed length control field 210310s1969 mx gr 000 0 spa d
040 ## - CATALOGING SOURCE
Original cataloging agency CO-JMCR
Transcribing agency CO-JMCR
041 1# - LANGUAGE CODE
Language code of text/sound track or separate title spa
Language code of original eng
082 04 - DEWEY DECIMAL CLASSIFICATION NUMBER
Classification number 338.9 /
Item number H669c
Edition number 23
100 1# - MAIN ENTRY--PERSONAL NAME
Personal name Hirschman, Albert O.,
Relator term autor
9 (RLIN) 17944
245 13 - TITLE STATEMENT
Title El comportamiento de los proyectos de desarrollo /
Statement of responsibility, etc. Albert O. hischman ; traducción de Gustavo Esteva
250 ## - EDITION STATEMENT
Edition statement Primera edición.
260 ## - PUBLICATION, DISTRIBUTION, ETC.
Place of publication, distribution, etc. México :
Name of publisher, distributor, etc. Siglo xxi,
Date of publication, distribution, etc. 1969
300 ## - PHYSICAL DESCRIPTION
Extent 183 páginas ;
Dimensions 18 cm.
490 0# - SERIES STATEMENT
Series statement Economía y demografía
505 0# - FORMATTED CONTENTS NOTE
Formatted contents note Incertidumbre. -- Plasticidades y dependencia. -- Diseño de proyectos. -- Evaluación de proyectos.
520 0# - SUMMARY, ETC.
Summary, etc. Los proyectos de desarrollo son partículas privilegiadas del proceso de desarrollo; la necesidad de que su comportamiento sea estudiado más profundamente es el origen de este libro. Para elaborarlo, el autor se basó en los estudios de once proyectos efectuados en diversos países y con respecto a diversos sectores económicos de los cinco continentes. Se ocupa principalmente del comportamiento comparativo y de las características estructurales de los proyectos, desbordando sus atributos tecnológicos, así como sus características administrativas y de organización.
650 14 - SUBJECT ADDED ENTRY--TOPICAL TERM
Topical term or geographic name entry element Proyectos de desarrollo económico
9 (RLIN) 7904
650 24 - SUBJECT ADDED ENTRY--TOPICAL TERM
Topical term or geographic name entry element Desarrollo económico
9 (RLIN) 40836
700 1# - ADDED ENTRY--PERSONAL NAME
Personal name Esteva, Gustavo,
Relator term traductor
9 (RLIN) 40837
942 ## - ADDED ENTRY ELEMENTS (KOHA)
Source of classification or shelving scheme Dewey Decimal Classification
Koha item type Books
Existencias
Withdrawn status Lost status Source of classification or shelving scheme Damaged status Not for loan Home library Current library Shelving location Date acquired Source of acquisition Full call number Barcode Date last seen Copy number Price effective from Koha item type
    Dewey Decimal Classification     Biblioteca Pública José María del Castillo y Rada Biblioteca Pública José María del Castillo y Rada General Stacks 04/15/2018 Donación 338.9 / H669c 430004852 05/16/2024 Ej.1 03/10/2021 Books